01361nam a22002057a 4500008004100000020001800041050002400059100004200083245014500125250001900270260004300289300004400332504011500376505048000491650003800971650003801009650002301047700004401070700004101114130208t xxu||||| |||| 00| 0 eng d a9789706863560 aHF5686.C8bR52 2004 aDel Río González Cristobaleautor aCostos históricosb : introducción al estudio de la contabilidad y control de los costos industrialesc / Cristóbal del Rio González a23a. edición aMéxicob : Cengage Learningc , 2004 axlii ; 1 volumen en varias paginaciones aIncluye: Índice de contenido Acerca del autor La portada Preámbulo Prólogo Introducción Bibliografía aDesarrollo histórico de las contabilidades de: costo, financiera, gerecial, directiva o de gestión y administrativa Generalidades Generalidades sobre los sistemas de costos Generalidades sobre la contabilidad de costros industriales Control y contabilización de los elementos del costo Procedimeitnos de control por órdenes de producción, y por clases Procedimientos de control por procesos productivos y por operaciones Costos de producción en común o conjunta 0aCONTABILIDADxCOSTOS INDUSTRIALES 0aCONTABILIDADxTEORÍA - HISTORIA 0aSISTEMAS DE COSTOS aRío Sánchez, Cristóbal deleautor aRío Sánchez, Raymundo deleautor